000 00742nam a22002417a 4500
001 3442
003 FISKH
005 20240306141602.0
008 240306b cb ||||| |||| 00| 0 eng d
040 _aFISK
_beng
_cFISK
_dFISK
050 _aAG5.C515
082 _a031
110 _aChildcraft
245 _aHow we get things /
_cChildcraft
260 _aChicago :
_bChildcraft,
_c1980
300 _a384 pages :
_billustrations,
_c26 cm
490 _aChildcraft the how and why library
_vVolume 8
_x071660180X
500 _aSeveral Pages are damaged or have portions missing. Serious water damage.
521 8 _a600
_bLexile estimate
942 _2ddc
_cBK
_n0
999 _c3442
_d3442